00622nam a2200193 a 4500001000900000005001700009008003900026020001500065040001800080050002200098100002400120245006800144260003800212300006400250500002100314500003500335504003100370650002700401BRCA_34320190320202952.0750305s1974 enkacf b 001 0 eng a0214200345 aDLCcDLCdDLC 4aNK4085b.G59 19741 aGodden, Geoffrey A.10aBritish PotterybAn Illustrated Guidec[by] Geoffrey A. Godden. aLondresbBarrie and Jenkinsc1974 a452 p., [24] p. de láminasbil. (algunas a color)c26 cm. aIncluye índice aDonación Consejo Brítanico aBibliografía: p. 445-44714aCerámica británica